No todo el mundo /

Guardado en:
Detalles Bibliográficos
Autor principal: Jiménez Serrano, Marta (autor)
Formato: Libro
Idioma:Español
Publicado: Madrid, España : Sexto Piso, 2023, c2023
Edición:4a edición
Colección:(Narrativa Sexto Piso)
Temas:
Etiquetas: Agrega una etiqueta
Sin etiquetas, Sé el primero en etiquetar este registro!

MARC

LEADER 00000nam^a2200000^a^4500
001 000577480
005 20250521000000.0
009 20260526153237.601
020 |a 978-84-19261-33-5 
037 |a Acervo ITESO - Biblioteca 
041 |a ESP 
082 |a 863.  |b JIM 
100 |a Jiménez Serrano, Marta  |e (autor) 
245 1 0 |a No todo el mundo /  |c M. Jiménez Serrano. 
250 |a 4a edición 
264 4 |a Madrid, España :  |b Sexto Piso,  |c 2023, c2023 
300 |a 210 p. 
336 |a texto  |b txt  |2 rdacontenido 
337 |a sin mediación  |b n  |2 rdamedio 
338 |a volumen  |b nc  |2 rdasoporte 
440 1 |a (Narrativa Sexto Piso) 
521 |a FIL 2023 DIA 
649 |a XX 
650 |a Amor -  |x Tema Principal 
650 |a Relaciones de Pareja en la Literatura 
650 |a Relaciones Intergénero en la Literatura 
650 |a Cuentos Españoles 
650 |a Literatura de Mujeres -  |z España 
650 |a Literatura Española -  |y Siglo XXI 
910 |a Fondo General 
920 |a Impresos - Libros 
930 |a Colección General 
940 |a Literatura 
905 |a 101 
901 |a 0500406171  |b IT1  |c LIT  |i C185219  |u 20250521 
902 |a https://opac.biblio.iteso.mx/vufind/Record/000577480